[Event "?"]
[Site "ICC 2 12 09/17/97, Internet C"]
[Date "1997.??.??"]
[Round "?"]
[White "Brause"]
[Black "StephenTaylor"]
[Result "1-0"]
[WhiteElo "2595"]
[BlackElo "2030"]
[PlyCount "55"]

1. e4 e5 2. Nf3 Nc6 3. Nc3 Nf6 4. Nxe5 Nxe5 5. d4 Ng6 6. e5 Ng8 7. Bc4 d5 8.
Bxd5 c6 9. Bb3 Be6 10. O-O N8e7 11. Ne4 Nf5 12. c3 Be7 13. Qh5 Bxb3 14. axb3
Qd7 15. Bg5 Qd5 16. Qg4 Qe6 17. Bxe7 Ngxe7 18. Nc5 Qg6 19. Qxg6 Nxg6 20. Nxb7
O-O 21. Nc5 Nf4 22. Ra6 Rfc8 23. g3 Ne6 24. Ne4 Ne7 25. Rfa1 Rc7 26. b4 Nc8 27.
Nd6 Nb6 28. Rxb6 1-0

[Event "?"]
[Site "ICC 2 12 09/17/97, Internet C"]
[Date "1997.??.??"]
[Round "?"]
[White "Brause"]
[Black "Tepir"]
[Result "1-0"]
[WhiteElo "2615"]
[BlackElo "2020"]
[PlyCount "41"]

1. e4 e5 2. Nf3 Nc6 3. Nc3 Nf6 4. Nxe5 Nxe5 5. d4 Ng6 6. e5 Ng8 7. Bc4 Bb4 8.
Qf3 d5 9. Bxd5 Bxc3+ 10. bxc3 Qe7 11. Bxb7 Bxb7 12. Qxb7 Rd8 13. Qxa7 f6 14.
Qa4+ Kf7 15. Qb3+ Qe6 16. f4 fxe5 17. f5 Qxb3 18. fxg6+ Kxg6 19. axb3 exd4 20.
cxd4 Rxd4 21. Ra8 1-0

[Event "?"]
[Site "ICC 2 12 09/17/97, Internet C"]
[Date "1997.??.??"]
[Round "?"]
[White "Brause"]
[Black "Qzzq"]
[Result "1-0"]
[WhiteElo "2650"]
[BlackElo "2075"]
[PlyCount "79"]

1. e4 e5 2. Nf3 Nf6 3. Nc3 Nc6 4. Nxe5 Nxe5 5. d4 Ng6 6. e5 Ng8 7. Bc4 d6 8.
Qf3 Qd7 9. O-O dxe5 10. dxe5 Nxe5 11. Re1 Bd6 12. Bf4 f6 13. Bb5 c6 14. Rad1
Qe6 15. Qg3 Kf8 16. Bxe5 Bxe5 17. f4 cxb5 18. fxe5 Qb6+ 19. Re3 Bf5 20. Rd6 Qc5
21. Rd5 Qc7 22. Nxb5 Qxc2 23. exf6 Nxf6 24. Nd4 Qb1+ 25. Re1 Qxe1+ 26. Qxe1
Nxd5 27. Nxf5 Kf7 28. Qe5 Rhd8 29. Qxg7+ Ke6 30. Nd4+ Kd6 31. Qh6+ Ke7 32.
Qxh7+ Kf6 33. Qf5+ Ke7 34. Qe6+ Kf8 35. Nf5 Rac8 36. Nd6 Rc1+ 37. Kf2 Rc2+ 38.
Kf3 Rc7 39. Qxd5 Rcd7 40. Qf5+ 1-0

[Event "?"]
[Site "ICC 2 12 09/26/97, Internet C"]
[Date "1997.??.??"]
[Round "?"]
[White "Brause"]
[Black "BeerHunter"]
[Result "1/2-1/2"]
[WhiteElo "2450"]
[BlackElo "2345"]
[PlyCount "178"]

1. e4 e5 2. Nf3 Nc6 3. Nc3 Nf6 4. Nxe5 Nxe5 5. d4 Ng6 6. e5 Ng8 7. Bc4 d6 8.
Qf3 Be6 9. Qxb7 Be7 10. Nb5 Rc8 11. Bxe6 fxe6 12. Nxa7 Rb8 13. Qc6+ Qd7 14.
exd6 cxd6 15. Qxd7+ Kxd7 16. a4 Nf6 17. O-O Rb7 18. Nb5 Ra8 19. Bd2 Ne4 20. Be3
d5 21. b3 Bb4 22. f3 Nc3 23. Nxc3 Bxc3 24. Rad1 Rc8 25. f4 Ne7 26. g4 g6 27.
Rf2 Rbc7 28. Re2 Nc6 29. Bf2 Nb4 30. h4 Nc6 31. h5 gxh5 32. gxh5 Ne7 33. Kf1
Nf5 34. Kg2 Bb4 35. c4 dxc4 36. d5 exd5 37. Rxd5+ Nd6 38. bxc4 Rxc4 39. Rd4
Rxd4 40. Bxd4 Nf5 41. Be5 Ra8 42. Ra2 Kc6 43. Kf3 Kd5 44. Ra1 Nd4+ 45. Bxd4
Kxd4 46. Ra2 h6 47. Ra1 Kd3 48. Ra2 Bc3 49. f5 Bf6 50. a5 Kc4 51. a6 Bd4 52.
Ra4+ Kd5 53. Ra5+ Kd6 54. Ke4 Bb6 55. Re5 Kd7 56. Re6 Re8 57. Rxe8 Kxe8 58. Ke5
Kf7 59. Kf4 Kf6 60. Ke4 Bg1 61. Kf3 Kxf5 62. Kg2 Ba7 63. Kh3 Kf4 64. Kg2 Ke3
65. Kh1 Kf2 66. Kh2 Kf3 67. Kh3 Bg1 68. a7 Bxa7 69. Kh2 Kf2 70. Kh1 Bd4 71. Kh2
Kf3 72. Kh1 Kg4 73. Kh2 Be5+ 74. Kh1 Kh3 75. Kg1 Bh8 76. Kh1 Kg4 77. Kg1 Kf3
78. Kh2 Ke4 79. Kg1 Kd5 80. Kh2 Kc4 81. Kh3 Kb3 82. Kg2 Kc2 83. Kh1 Kd1 84. Kg2
Ke2 85. Kh3 Ba1 86. Kg2 Bd4 87. Kh3 Ba7 88. Kh2 Kf1 89. Kh1 Bg1 1/2-1/2

[Event "?"]
[Site "ICC 2 12 09/26/97, Internet C"]
[Date "1997.??.??"]
[Round "?"]
[White "Brause"]
[Black "BeerHunter"]
[Result "0-1"]
[WhiteElo "2465"]
[BlackElo "2350"]
[PlyCount "127"]

1. e4 e5 2. Nf3 Nc6 3. Nc3 Nf6 4. Nxe5 Nxe5 5. d4 Ng6 6. e5 Ng8 7. Bc4 d6 8.
Qf3 Be6 9. Qxb7 Be7 10. Bxe6 fxe6 11. Qc6+ Kf8 12. Nb5 Rc8 13. Nxa7 Rb8 14.
Qf3+ Ke8 15. Nc6 Qc8 16. exd6 cxd6 17. Nxb8 Qxb8 18. O-O Nf6 19. b3 Kf7 20. Bg5
h6 21. Bxf6 gxf6 22. d5 e5 23. Qh5 Kg7 24. c4 Qc8 25. Qf3 f5 26. Rfe1 Bf6 27.
Rad1 Rg8 28. Rd2 Kh7 29. g3 e4 30. Rxe4 fxe4 31. Qxf6 Ne5 32. Kg2 Qg4 33. h3
Qf3+ 34. Qxf3 exf3+ 35. Kf1 Ra8 36. Ke1 Kg6 37. Kd1 Kf5 38. a4 h5 39. Rd4 Ng6
40. h4 Re8 41. Rd3 Ne5 42. Re3 Ra8 43. Kc2 Rc8 44. Kd2 Kg4 45. Ke1 Kh3 46. Kf1
Kh2 47. Rc3 Kh1 48. a5 Ng4 49. a6 Nh2+ 50. Ke1 Kg2 51. Re3 Ng4 52. Re6 Nxf2 53.
Kd2 Ng4 54. Re4 Ra8 55. Rf4 Rxa6 56. Kd3 f2 57. Rf5 Ra3 58. Kc3 Ne5 59. Kb2 Ra8
60. Rxf2+ Kxf2 61. Kc2 Kxg3 62. Kc3 Kxh4 63. Kd4 Rc8 64. Ke3 0-1

[Event "?"]
[Site "ICC 2 12 09/26/97, Internet C"]
[Date "1997.??.??"]
[Round "?"]
[White "Brause"]
[Black "CalifPhantom"]
[Result "0-1"]
[WhiteElo "2400"]
[BlackElo "2115"]
[PlyCount "61"]

1. e4 Nf6 2. Nc3 e5 3. Nf3 Nc6 4. Nxe5 Nxe5 5. d4 Ng6 6. e5 Ng8 7. Bc4 d6 8.
Qf3 Qd7 9. O-O dxe5 10. dxe5 Nxe5 11. Re1 Bd6 12. Qg3 Qe7 13. f4 Nxc4 14. Rxe7+
Nxe7 15. Qxg7 Bc5+ 16. Kh1 Rg8 17. Qxh7 Bf5 18. Qh5 Rd8 19. h3 Rd6 20. g4 Rdg6
21. Nb5 R6g7 22. g5 Rh7 23. Nxc7+ Kd7 24. Qd1+ Kxc7 25. Kg2 Be4+ 26. Kf1 Rxh3
27. Qg4 Rh1+ 28. Ke2 Rgh8 29. Qg2 R1h2 30. Qxh2 Rxh2+ 31. Kf1 0-1

[Event "?"]
[Site "ICC 2 12 09/26/97, Internet C"]
[Date "1997.??.??"]
[Round "?"]
[White "Brause"]
[Black "CalifPhantom"]
[Result "0-1"]
[WhiteElo "2370"]
[BlackElo "2145"]
[PlyCount "101"]

1. e4 e5 2. Nf3 Nf6 3. Nc3 Nc6 4. Nxe5 Nxe5 5. d4 Ng6 6. e5 Ng8 7. Bc4 d6 8.
Qf3 Qd7 9. O-O dxe5 10. dxe5 Nxe5 11. Re1 Bd6 12. Qg3 Qe7 13. f4 Nxc4 14. Rxe7+
Nxe7 15. Qxg7 Bc5+ 16. Kh1 Rg8 17. Qxh7 Bf5 18. Qh5 Rd8 19. Qe2 Bh3 20. g3 Bg4
21. Qe4 Rd2 22. Bxd2 Nxd2 23. Qxb7 Bf3+ 24. Qxf3 Nxf3 25. Rf1 Nd2 26. Rd1 Be3
27. Re1 Nc4 28. b3 Bd2 29. Rd1 Bxc3 30. Rd3 Ba1 31. Rd1 Bh8 32. bxc4 Rg6 33.
Rb1 Bg7 34. a3 Ra6 35. Rb3 Ra4 36. c5 Rc4 37. Rb7 Rxc5 38. Rxa7 Rxc2 39. Rb7
Bd4 40. Rb4 c5 41. Rb7 c4 42. Rb8+ Kd7 43. Rb7+ Kd6 44. Rb4 Nd5 45. Rb8 Ne3 46.
h4 Nf1 47. Rd8+ Kc5 48. Rxd4 Nxg3+ 49. Kg1 Ne2+ 50. Kf2 Nxd4+ 51. Kg3 0-1

[Event "?"]
[Site "ICC 2 12 09/26/97, Internet C"]
[Date "1997.??.??"]
[Round "?"]
[White "Brause"]
[Black "Ferret"]
[Result "0-1"]
[WhiteElo "2340"]
[BlackElo "1680"]
[PlyCount "82"]

1. e4 e5 2. Nf3 Nc6 3. Nc3 Nf6 4. Nxe5 Nxe5 5. d4 Ng6 6. e5 Ng8 7. Bc4 d6 8.
Qf3 Qd7 9. O-O dxe5 10. dxe5 Nxe5 11. Re1 Bd6 12. Qg3 Kf8 13. Rxe5 f6 14. Rd5
Bxg3 15. Rxd7 Bxh2+ 16. Kxh2 Bxd7 17. Bf4 c6 18. Bd6+ Ne7 19. Re1 Re8 20. Bd3
f5 21. Bc4 b6 22. Rd1 Bc8 23. b4 Rd8 24. b5 Bb7 25. bxc6 Bxc6 26. Be6 h6 27.
Bxf5 Kf7 28. Bg4 g5 29. Kg1 Nd5 30. Ne4 Nf4 31. Bxf4 Rxd1+ 32. Bxd1 Bxe4 33.
Be5 Rd8 34. Bh5+ Bg6 35. Bf3 Bxc2 36. Kh2 Bf5 37. g4 Rd3 38. Be2 Rd2 39. Bf3
Be6 40. Kg3 Rxa2 41. Bc6 a5 0-1

[Event "?"]
[Site "ICC 2 12 09/26/97, Internet C"]
[Date "1997.??.??"]
[Round "?"]
[White "Brause"]
[Black "apollo"]
[Result "1-0"]
[WhiteElo "2405"]
[BlackElo "1935"]
[PlyCount "59"]

1. e4 e5 2. Nf3 Nc6 3. Nc3 Nf6 4. Nxe5 Nxe5 5. d4 Nc6 6. d5 Ne7 7. e5 Nfg8 8.
d6 Ng6 9. Nb5 cxd6 10. exd6 Qh4 11. Nc7+ Kd8 12. Nxa8 Qe4+ 13. Qe2 Qxe2+ 14.
Bxe2 Bxd6 15. Be3 b6 16. Bf3 N8e7 17. O-O-O Bb8 18. g3 Ne5 19. Be4 f5 20. Bg2
N7c6 21. f4 Nc4 22. Bxb6+ Nxb6 23. Nxb6 axb6 24. Bxc6 Kc7 25. Bb5 d6 26. Rhe1
g6 27. Re7+ Kd8 28. Rde1 d5 29. Re8+ Rxe8 30. Rxe8+ 1-0

[Event "?"]
[Site "ICC 2 12 09/26/97, Internet C"]
[Date "1997.??.??"]
[Round "?"]
[White "Brause"]
[Black "apollo"]
[Result "1-0"]
[WhiteElo "2405"]
[BlackElo "1935"]
[PlyCount "37"]

1. e4 e5 2. Nf3 Nc6 3. Nc3 Nf6 4. Nxe5 Nxe5 5. d4 Ng6 6. e5 Ng8 7. Bc4 Bb4 8.
Qf3 Qe7 9. O-O Bxc3 10. bxc3 Nh6 11. g3 O-O 12. Qh5 d6 13. Bxh6 gxh6 14. f4 Be6
15. f5 Bxc4 16. f6 Bxf1 17. Qxh6 Qxf6 18. exf6 Rfe8 19. Qg7# 1-0

[Event "?"]
[Site "ICC 2 12 09/26/97, Internet C"]
[Date "1997.??.??"]
[Round "?"]
[White "Brause"]
[Black "apollo"]
[Result "1-0"]
[WhiteElo "2415"]
[BlackElo "1925"]
[PlyCount "69"]

1. e4 e5 2. Nf3 Nc6 3. Nc3 Nf6 4. Nxe5 Qe7 5. Nxc6 dxc6 6. d3 Bg4 7. Be2 Be6 8.
O-O h6 9. a3 g5 10. f4 gxf4 11. Bxf4 O-O-O 12. d4 Bg7 13. Be5 Rhg8 14. Qd3 Bh8
15. Rad1 Rg6 16. Rd2 Rdg8 17. Bf3 Ng4 18. Bxh8 Rxh8 19. Bxg4 Bxg4 20. Rdf2 Rf8
21. e5 Rg7 22. Ne4 Bh5 23. Nf6 Bg6 24. Qh3+ Kd8 25. Qxh6 Rgg8 26. Nxg8 Rxg8 27.
c4 Qe6 28. Qg5+ Kc8 29. b3 Rh8 30. Qf6 Re8 31. Qxe6+ fxe6 32. Rf8 Kd7 33. Rxe8
Kxe8 34. Rf6 Bf5 35. h4 1-0

[Event "?"]
[Site "ICC 2 12 09/26/97, Internet C"]
[Date "1997.??.??"]
[Round "?"]
[White "Brause"]
[Black "DrTarrasch"]
[Result "1-0"]
[WhiteElo "2425"]
[BlackElo "2180"]
[PlyCount "39"]

1. e4 e5 2. Nf3 Nc6 3. Nc3 Nf6 4. Nxe5 Nxe5 5. d4 Ng6 6. e5 Ng8 7. Bc4 Bb4 8.
Qf3 Qe7 9. O-O Bxc3 10. bxc3 Nh6 11. g3 O-O 12. Qh5 d5 13. Bxd5 Bg4 14. Qg5
Qxg5 15. Bxg5 c6 16. Bg2 Rfe8 17. Rfb1 Rab8 18. Rb2 Be6 19. Rab1 Bc8 20. Bxc6
1-0

[Event "?"]
[Site "ICC 2 12 09/26/97, Internet C"]
[Date "1997.??.??"]
[Round "?"]
[White "Brause"]
[Black "DrTarrasch"]
[Result "1-0"]
[WhiteElo "2430"]
[BlackElo "2170"]
[PlyCount "39"]

1. e4 e5 2. Nf3 Nc6 3. Nc3 Nf6 4. Nxe5 Nxe5 5. d4 Ng6 6. e5 Ng8 7. Bc4 Bb4 8.
Qf3 Qe7 9. O-O Bxc3 10. bxc3 Nh6 11. g3 O-O 12. Qh5 d5 13. Bxd5 Bg4 14. Qg5
Qxg5 15. Bxg5 c6 16. Bg2 Be2 17. Rfe1 Bc4 18. Rab1 Rab8 19. Rb4 Be6 20. Reb1
1-0

[Event "?"]
[Site "ICC 2 12 09/26/97, Internet C"]
[Date "1997.??.??"]
[Round "?"]
[White "Brause"]
[Black "DrTarrasch"]
[Result "0-1"]
[WhiteElo "2435"]
[BlackElo "2165"]
[PlyCount "161"]

1. e4 e5 2. Nf3 Nc6 3. Nc3 Nf6 4. Nxe5 Nxe5 5. d4 Ng6 6. e5 Ng8 7. Bc4 Bb4 8.
Qf3 Qe7 9. O-O Bxc3 10. bxc3 Nh6 11. g3 O-O 12. Qh5 d5 13. Bxd5 Bg4 14. Qg5
Qxg5 15. Bxg5 c6 16. Bg2 Be2 17. Rfe1 Ba6 18. Bxh6 gxh6 19. Rab1 Rac8 20. Rb4
Rfd8 21. Ra4 Ne7 22. Be4 Nd5 23. Ra3 Nb6 24. Bf5 Rc7 25. Re4 Nc8 26. Rh4 Kg7
27. Be4 Bc4 28. Rg4+ Kh8 29. Bd3 Be6 30. Rh4 Kg7 31. f4 Ne7 32. Rh5 Bg4 33. Rh4
h5 34. h3 Bd1 35. f5 f6 36. Rxa7 Nd5 37. Ra3 Ne3 38. e6 Bxc2 39. Bxc2 Nxc2 40.
Ra7 Ne3 41. Rxh5 Rd5 42. g4 c5 43. Ra5 h6 44. Rh4 Nc4 45. Rxc5 Rcxc5 46. dxc5
Rxc5 47. a4 Ne5 48. Kf1 Rxc3 49. Kf2 Rc4 50. a5 Nc6 51. Ke3 Ra4 52. Kd3 Ne7 53.
Rh5 Rxa5 54. Ke4 Ra4+ 55. Kf3 b5 56. Ke3 Nd5+ 57. Kd2 Rc4 58. Rh4 Rd4+ 59. Kc1
Nf4 60. Kc2 Nd5 61. Kc1 b4 62. Kb2 Ne7 63. Rh5 Re4 64. Kb3 Ng8 65. Ka4 Kf8 66.
Kb3 Ke7 67. Kc2 Kf8 68. Kb3 Kg7 69. Ka4 Ne7 70. Kb3 Nd5 71. Kc2 Nf4 72. Rh4 Ng2
73. Rh5 Re3 74. Kd2 b3 75. e7 Rxe7 76. Kc3 Rb7 77. Kb2 Ne3 78. g5 hxg5 79. Kb1
Ng2 80. h4 Nxh4 81. Kb2 0-1

[Event "?"]
[Site "ICC 2 12 09/26/97, Internet C"]
[Date "1997.??.??"]
[Round "?"]
[White "Brause"]
[Black "DrTarrasch"]
[Result "1-0"]
[WhiteElo "2410"]
[BlackElo "2190"]
[PlyCount "93"]

1. e4 e5 2. Nf3 Nc6 3. Nc3 Nf6 4. Nxe5 Nxe5 5. d4 Ng6 6. e5 Ng8 7. Bc4 Bb4 8.
Qf3 Qe7 9. O-O Bxc3 10. bxc3 Nh6 11. g3 O-O 12. Qh5 d5 13. Bxd5 Bg4 14. Qg5
Qxg5 15. Bxg5 c6 16. Bg2 Be2 17. Rfe1 Ba6 18. f4 Rfe8 19. Bxh6 gxh6 20. f5 Ne7
21. f6 Nd5 22. Bxd5 cxd5 23. Rab1 Rac8 24. Rb3 Rc6 25. Kf2 Rec8 26. Re3 R8c7
27. g4 Bc4 28. Ra3 Ra6 29. Rxa6 bxa6 30. a4 Rb7 31. Ke1 Rb2 32. Kd1 Ra2 33. Rh3
Ra1+ 34. Kd2 Rxa4 35. Rxh6 Ra5 36. Rh5 Rb5 37. Rg5+ Kh8 38. Rg7 Rb6 39. Rxf7
Kg8 40. Re7 a5 41. e6 Bb5 42. Ke3 a4 43. Kf4 a3 44. Ke5 a2 45. Rc7 Kf8 46. Rc8+
Be8 47. f7 1-0

[Event "?"]
[Site "ICC 2 12 09/26/97, Internet C"]
[Date "1997.??.??"]
[Round "?"]
[White "Brause"]
[Black "DrTarrasch"]
[Result "1-0"]
[WhiteElo "2415"]
[BlackElo "2185"]
[PlyCount "93"]

1. e4 e5 2. Nf3 Nc6 3. Nc3 Nf6 4. Nxe5 Nxe5 5. d4 Ng6 6. e5 Ng8 7. Bc4 Bb4 8.
Qf3 Qe7 9. O-O Bxc3 10. bxc3 Nh6 11. g3 O-O 12. Qh5 d5 13. Bxd5 Bg4 14. Qg5
Qxg5 15. Bxg5 c6 16. Bg2 Be2 17. Rfe1 Ba6 18. f4 Rfe8 19. Bxh6 gxh6 20. f5 Ne7
21. f6 Nd5 22. Bxd5 cxd5 23. Rab1 Rac8 24. Rb3 Rc6 25. Kf2 Rec8 26. Re3 R8c7
27. Ra3 Bc4 28. Rxa7 Ra6 29. Rxa6 bxa6 30. a4 a5 31. Ke1 Rb7 32. g4 Rb1+ 33.
Kd2 Rg1 34. Rg3 Rxg3 35. hxg3 h5 36. gxh5 h6 37. Ke3 Ba6 38. Kf3 Bc8 39. c4 Bb7
40. cxd5 Bxd5+ 41. Ke3 Bc6 42. c4 Bxa4 43. d5 Bd1 44. c5 Bxh5 45. d6 Bg4 46. c6
Kf8 47. d7 1-0

[Event "?"]
[Site "ICC 2 12 09/26/97, Internet C"]
[Date "1997.??.??"]
[Round "?"]
[White "Brause"]
[Black "DrTarrasch"]
[Result "0-1"]
[WhiteElo "2435"]
[BlackElo "2180"]
[PlyCount "131"]

1. e4 e5 2. Nf3 Nc6 3. Nc3 Nf6 4. Nxe5 Nxe5 5. d4 Ng6 6. e5 Ng8 7. Bc4 Bb4 8.
Qf3 Qe7 9. O-O Bxc3 10. bxc3 Nh6 11. g3 O-O 12. Qh5 d5 13. Bxd5 Bg4 14. Qg5
Qxg5 15. Bxg5 c6 16. Bb3 Nf5 17. f3 Bh3 18. Rfe1 h6 19. Bc1 Nfe7 20. Ba3 Rfe8
21. Bc4 Nd5 22. Rab1 b6 23. Rb3 Be6 24. Bd3 Nge7 25. c4 Nc7 26. Bd6 Rac8 27.
Ra3 a6 28. Bxc7 Rxc7 29. Rxa6 Rb8 30. Rb1 Nc8 31. f4 g6 32. c5 b5 33. a4 b4 34.
Be4 Ne7 35. Rb6 Ra8 36. R1xb4 Rca7 37. Rb8+ Rxb8 38. Rxb8+ Kg7 39. Rb4 Bd5 40.
Bh1 Bxh1 41. Kxh1 Nd5 42. Rc4 Kf8 43. c3 Ra5 44. h4 h5 45. Kh2 Ke7 46. Kg1 Ke6
47. Kf2 Kf5 48. Kf3 f6 49. Kf2 g5 50. fxg5 fxg5 51. hxg5 Kxg5 52. Ke2 Rxa4 53.
Rxa4 Nxc3+ 54. Kd3 Nxa4 55. Kc2 Kf5 56. Kd3 Ke6 57. Kd2 Kd5 58. Kc2 Nxc5 59.
dxc5 Kxc5 60. Kb3 Kd5 61. Kc3 Kxe5 62. Kd3 Kf5 63. Ke3 Kg4 64. Kf2 c5 65. Kg2
c4 66. Kf2 0-1

[Event "?"]
[Site "ICC 2 12 09/26/97, Internet C"]
[Date "1997.??.??"]
[Round "?"]
[White "Brause"]
[Black "DrTarrasch"]
[Result "1/2-1/2"]
[WhiteElo "2410"]
[BlackElo "2205"]
[PlyCount "65"]

1. e4 e5 2. Nf3 Nc6 3. Nc3 Nf6 4. Nxe5 Nxe5 5. d4 Ng6 6. e5 Ng8 7. Bc4 Bb4 8.
Qf3 Qe7 9. O-O Bxc3 10. bxc3 Nh6 11. g3 O-O 12. Qh5 d5 13. exd6 cxd6 14. Bxh6
gxh6 15. Qxh6 Qf6 16. Rab1 Rb8 17. Qh5 Bf5 18. Qf3 Kg7 19. Rxb7 Rxb7 20. Qxb7
Bxc2 21. Rc1 Bf5 22. Qxa7 Be4 23. Be2 Ra8 24. Qd7 Rxa2 25. Qg4 Bd3 26. Bf3 d5
27. Kg2 Be4 28. Re1 Rc2 29. Re3 Bf5 30. Qh5 Be4 31. Qg4 Kh6 32. Qh5+ Kg7 33.
Qg4 1/2-1/2

[Event "?"]
[Site "ICC 2 12 09/26/97, Internet C"]
[Date "1997.??.??"]
[Round "?"]
[White "Brause"]
[Black "DrTarrasch"]
[Result "1/2-1/2"]
[WhiteElo "2400"]
[BlackElo "2215"]
[PlyCount "96"]

1. e4 e5 2. Nf3 Nc6 3. Nc3 Nf6 4. Nxe5 Nxe5 5. d4 Ng6 6. e5 Ng8 7. Bc4 Bb4 8.
Qf3 Qe7 9. O-O Bxc3 10. bxc3 Nh6 11. g3 O-O 12. Qh5 d5 13. Bxd5 Bg4 14. Qg5
Qxg5 15. Bxg5 c6 16. Bg2 Be2 17. Rfe1 Ba6 18. f4 Rfe8 19. Bxh6 gxh6 20. f5 Ne7
21. f6 Nd5 22. Bxd5 cxd5 23. Rab1 Rac8 24. Rb3 Rc6 25. Kf2 Rec8 26. Re3 R8c7
27. Ra3 Bb5 28. Rxa7 Ra6 29. Rxa6 bxa6 30. a3 Rc4 31. Kf3 Ra4 32. Kg4 Rxa3 33.
Kh5 Ra2 34. h3 Rxc2 35. Kxh6 Rh2 36. h4 a5 37. Re1 Rb2 38. Kg5 Rb3 39. g4 a4
40. e6 fxe6 41. Rxe6 a3 42. Re7 Ba6 43. Ra7 Rb6 44. Ra8+ Kf7 45. Ra7+ Kf8 46.
Ra8+ Kf7 47. Ra7+ Ke8 48. Ra8+ Kf7 1/2-1/2

[Event "?"]
[Site "ICC 2 12 09/26/97, Internet C"]
[Date "1997.??.??"]
[Round "?"]
[White "Brause"]
[Black "Scorpio97"]
[Result "1-0"]
[WhiteElo "2400"]
[BlackElo "2215"]
[PlyCount "30"]

1. e4 e5 2. Nf3 Nf6 3. Nc3 Nc6 4. Nxe5 Nxe5 5. d4 Nc6 6. d5 Ne5 7. f4 Ng6 8. e5
Qe7 9. Qe2 Ng8 10. d6 cxd6 11. Nd5 Qh4+ 12. g3 Qd8 13. exd6+ N8e7 14. Nc7+ Qxc7
15. dxc7 d5 1-0

[Event "?"]
[Site "ICC 2 12 09/26/97, Internet C"]
[Date "1997.??.??"]
[Round "?"]
[White "Brause"]
[Black "GrandIllusion"]
[Result "1-0"]
[WhiteElo "2405"]
[BlackElo "1960"]
[PlyCount "101"]

1. e4 e5 2. Nf3 Nc6 3. Nc3 Nf6 4. Nxe5 Nxe5 5. d4 Ng6 6. e5 Ng8 7. Bc4 d5 8.
Bxd5 Bb4 9. Qf3 Qe7 10. Bxb7 Bxb7 11. Qxb7 Bxc3+ 12. bxc3 Qd8 13. Qc6+ Kf8 14.
Ba3+ N8e7 15. O-O Kg8 16. Qc4 Nd5 17. Rab1 Nb6 18. Qc6 h6 19. Rfe1 Kh7 20. Bc5
Ne7 21. Qe4+ g6 22. Qf3 Qd5 23. Bxe7 Qxf3 24. gxf3 Nd5 25. Bf6 Nxf6 26. exf6
Rhc8 27. Re7 Kg8 28. Rb7 Rab8 29. Rexc7 Rxb7 30. Rxc8+ Kh7 31. Kg2 g5 32. f4
Kg6 33. fxg5 hxg5 34. Rc6 Rb2 35. a4 Rxc2 36. a5 Ra2 37. a6 Ra3 38. Kg3 Ra5 39.
h3 Ra2 40. c4 Rd2 41. Rd6 Ra2 42. f3 Ra4 43. Rc6 Ra3 44. c5 Ra5 45. d5 Kf5 46.
d6 Kxf6 47. Rc8 Ke6 48. Re8+ Kd7 49. Re7+ Kd8 50. c6 Rxa6 51. c7+ 1-0

[Event "?"]
[Site "ICC 2 19 10/09/97, Internet C"]
[Date "1997.??.??"]
[Round "?"]
[White "Brause"]
[Black "oldtimer"]
[Result "0-1"]
[WhiteElo "2550"]
[BlackElo "2415"]
[PlyCount "101"]

1. e4 e5 2. Nf3 Nc6 3. Nc3 Nf6 4. Nxe5 Nxe5 5. d4 Ng6 6. e5 Ng8 7. Bc4 d6 8.
Qf3 Qd7 9. O-O Qf5 10. Qe2 dxe5 11. f4 e4 12. Nxe4 N6e7 13. Ng3 Qd7 14. c3 f5
15. Re1 Qd6 16. Qc2 Nh6 17. Qb3 b6 18. a4 Bd7 19. a5 g6 20. axb6 cxb6 21. Ra6
Qc7 22. Qa2 Kd8 23. Be6 Bg7 24. Bxd7 Qxd7 25. Rxb6 axb6 26. Qxa8+ Nc8 27. Qa3
Re8 28. Re2 Rxe2 29. Nxe2 Qe7 30. Qxe7+ Kxe7 31. c4 Nd6 32. c5 bxc5 33. dxc5
Ne4 34. b4 Kd7 35. Be3 Nc3 36. Nxc3 Bxc3 37. b5 Ng4 38. c6+ Kc7 39. Bc5 Ba5 40.
Kf1 Bb6 41. Bf8 Ne3+ 42. Ke2 Nc4 43. Kd3 Nd6 44. Bxd6+ Kxd6 45. Kc4 Ba5 46. Kb3
Kc5 47. Ka4 Bb6 48. g3 Bc7 49. Kb3 Kxb5 50. Kc3 Kxc6 51. Kd3 0-1

[Event "?"]
[Site "ICC 2 19 10/18/97, Internet C"]
[Date "1997.??.??"]
[Round "?"]
[White "Brause"]
[Black "oldtimer"]
[Result "1-0"]
[WhiteElo "2580"]
[BlackElo "2430"]
[PlyCount "73"]

1. e4 e5 2. Nf3 Nc6 3. Nc3 Nf6 4. Nxe5 Nxe5 5. d4 Ng6 6. e5 Ng8 7. Bc4 d6 8.
Qf3 Qd7 9. O-O Qf5 10. Qe2 dxe5 11. f4 e4 12. Nxe4 N6e7 13. Ng3 Qd7 14. c3 f5
15. Re1 Nh6 16. Qh5+ g6 17. Qf3 Qd6 18. a4 c6 19. b4 Bd7 20. Ba3 O-O-O 21. b5
Qf6 22. Nf1 Nhg8 23. Bc5 Kb8 24. Ne3 Nd5 25. Bxd5 cxd5 26. Nxd5 Qf7 27. Bxf8
Qxf8 28. Re5 Nf6 29. Nxf6 Qxf6 30. a5 Qd6 31. a6 Bc8 32. axb7 Bxb7 33. Qe3 Qb6
34. Ra2 Bd5 35. Ra4 Be4 36. Qc1 Rd7 37. Rc4 1-0

[Event "?"]
[Site "ICC 2 19 10/18/97, Internet C"]
[Date "1997.??.??"]
[Round "?"]
[White "Brause"]
[Black "oldtimer"]
[Result "1-0"]
[WhiteElo "2590"]
[BlackElo "2420"]
[PlyCount "145"]

1. e4 e5 2. Nf3 Nc6 3. Nc3 Nf6 4. Nxe5 Nxe5 5. d4 Ng6 6. e5 Ng8 7. Bc4 d6 8.
Qf3 Qd7 9. O-O Qf5 10. Qe2 dxe5 11. f4 e4 12. Nxe4 N6e7 13. Ng3 Qd7 14. c3 f5
15. Re1 Nf6 16. Bd3 g6 17. Qe5 Qd6 18. b3 Qxe5 19. fxe5 Nfd5 20. c4 Nb4 21. Bb1
c6 22. Bg5 Be6 23. Ne2 Kf7 24. Nf4 Rd8 25. Nxe6 Kxe6 26. a3 Na6 27. Be3 Bg7 28.
Ra2 Rhe8 29. b4 Rd7 30. b5 Nc7 31. bxc6 bxc6 32. Rd2 Rb8 33. Ba2 Rbd8 34. c5+
Ncd5 35. Rde2 h6 36. Rb2 g5 37. Bd2 Ra8 38. Bc4 Ng6 39. Rd1 Nf8 40. Rf1 f4 41.
Rfb1 Kf7 42. Rb7 Ke6 43. Be2 Rxb7 44. Bg4+ Kf7 45. Rxb7+ Ne7 46. Bc3 Ne6 47.
Kf2 a5 48. Kf3 Bf8 49. Ke4 Nd8 50. Rd7 Ne6 51. h4 a4 52. hxg5 Nxg5+ 53. Kxf4
Kg8 54. Ke3 Nd5+ 55. Kd3 Rb8 56. Rxd5 cxd5 57. c6 Rb3 58. c7 Ne4 59. Be6+ Kg7
60. c8=Q Rxc3+ 61. Qxc3 Nxc3 62. Kxc3 Bxa3 63. Bxd5 Bc1 64. Bc4 Kf8 65. d5 Bf4
66. Kd4 h5 67. d6 h4 68. Kd5 Ke8 69. e6 Bg5 70. Bb5+ Kd8 71. Bxa4 h3 72. gxh3
Bh4 73. Kd4 1-0

[Event "?"]
[Site "ICC 2 12 08/28/97, Internet C"]
[Date "1997.??.??"]
[Round "?"]
[White "Brause"]
[Black "Mashiach"]
[Result "1-0"]
[WhiteElo "2355"]
[BlackElo "2395"]
[PlyCount "67"]

1. e4 e5 2. Nf3 Nc6 3. Nc3 Nf6 4. Nxe5 Nxe5 5. d4 Nc6 6. d5 Ne5 7. f4 Ng6 8. e5
Ng8 9. d6 cxd6 10. exd6 Qf6 11. Nb5 Kd8 12. Be3 Nxf4 13. Qd2 Ne6 14. O-O-O Ke8
15. Re1 Kd8 16. Bc4 Qg6 17. Qa5+ Ke8 18. Bxa7 Be7 19. dxe7 d5 20. Bxd5 Qg5+ 21.
Kb1 Kxe7 22. Qa3+ Kf6 23. Rhf1+ Kg6 24. Be4+ Kh6 25. Nd6 Nd8 26. h4 Qe7 27.
Be3+ Kh5 28. Bf3+ Bg4 29. Bxg4+ Kxg4 30. Qb4+ Kh5 31. g4+ Kxh4 32. Rh1+ Kg3 33.
Qf4+ Kg2 34. Rh2# 1-0

[Event "?"]
[Site "ICC 2 12 08/28/97, Internet C"]
[Date "1997.??.??"]
[Round "?"]
[White "Brause"]
[Black "ELLI"]
[Result "1-0"]
[WhiteElo "2420"]
[BlackElo "2075"]
[PlyCount "31"]

1. e4 e5 2. Nf3 Nc6 3. Nc3 Nf6 4. Nxe5 Nxe5 5. d4 Ng6 6. e5 Ng8 7. Bc4 d5 8.
Bxd5 c6 9. Bb3 N8e7 10. Ne4 Nd5 11. Bg5 Be7 12. Nd6+ Kf8 13. Bxe7+ Ngxe7 14.
Qf3 Be6 15. Nxb7 Rb8 16. Nxd8 1-0

[Event "?"]
[Site "ICC 2 12 08/28/97, Internet C"]
[Date "1997.??.??"]
[Round "?"]
[White "Brause"]
[Black "nyul"]
[Result "1-0"]
[WhiteElo "2510"]
[BlackElo "2120"]
[PlyCount "34"]

1. e4 e5 2. Nf3 Nc6 3. Nc3 Nf6 4. Nxe5 Nxe5 5. d4 Nc6 6. d5 Ne5 7. f4 d6 8.
fxe5 dxe5 9. Bg5 Be7 10. Bb5+ Bd7 11. Bxd7+ Qxd7 12. Qe2 O-O 13. Rd1 c6 14. O-O
cxd5 15. Bxf6 Bxf6 16. Nxd5 Qc6 17. Rxf6 gxf6 1-0

[Event "?"]
[Site "ICC 2 12 09/18/97, Internet C"]
[Date "1997.??.??"]
[Round "?"]
[White "Brause"]
[Black "WchessX"]
[Result "0-1"]
[WhiteElo "2645"]
[BlackElo "2805"]
[PlyCount "147"]

1. e4 e5 2. Nf3 Nc6 3. Nc3 Nf6 4. Nxe5 Nxe5 5. d4 Nc6 6. d5 Ne5 7. f4 Ng6 8. e5
Ng8 9. d6 c6 10. g3 b5 11. Ne4 Nh6 12. Qe2 Qa5+ 13. Bd2 Qa4 14. Qd3 Qa6 15. Bg2
Qb6 16. O-O-O b4 17. Qb3 a5 18. h4 Rg8 19. Ng5 Ba6 20. h5 Nh8 21. Be4 f5 22.
Bf3 N8f7 23. Nxh7 O-O-O 24. a3 c5 25. Be3 Qb5 26. a4 Qc4 27. Qxc4 Bxc4 28. Bxc5
Rh8 29. Nxf8 Rdxf8 30. Bb6 Nd8 31. b3 Bf7 32. Bxa5 Ng4 33. Bxg4 fxg4 34. Bxb4
Bxh5 35. Rh2 Be8 36. Rxh8 Rxh8 37. Kb2 Nc6 38. Bc5 g5 39. b4 gxf4 40. gxf4 Bg6
41. b5 Na5 42. c3 Rf8 43. Rd4 g3 44. f5 Bxf5 45. Rf4 Rf7 46. Ka3 Be6 47. Rxf7
Nc4+ 48. Kb4 Bxf7 49. Bd4 g2 50. a5 Nxe5 51. a6 Bc4 52. Bg1 Kb8 53. Bb6 Be2 54.
Be3 Nc4 55. Bc5 Ka8 56. b6 Nd2 57. a7 Nc4 58. Bd4 Nxd6 59. Kc5 Ne4+ 60. Kb4 d5
61. Be3 Kb7 62. Kb3 Bc4+ 63. Kb4 Ng3 64. Ka3 Ne2 65. Kb4 g1=Q 66. Bxg1 Nxg1 67.
Kc5 Ne2 68. Kb4 Ba2 69. Ka3 Nxc3 70. Kb2 d4 71. Kc1 Ne4 72. Kc2 Bc4 73. Kb2 d3
74. Ka3 0-1